| 000 | 01052nam a22003617a 4500 | ||
|---|---|---|---|
| 001 | BR2020000140 | ||
| 003 | BR-BrBNA | ||
| 005 | 20230928105505.0 | ||
| 007 | ta | ||
| 008 | 230509b bl.||||| |||| 00| 0 por d | ||
| 020 | _a978-85-314-1756-6 | ||
| 040 |
_aBR-BrBNA _bpor _cBiblioteca Nacional de Agricultura |
||
| 041 | _a(Por) | ||
| 072 | _aE10 | ||
| 090 | _ E10 BR2020000140 | ||
| 100 | 1 | _aHoffmann, R. | |
| 100 | 1 | _aBotassio, D.C. | |
| 100 | 1 | _aJesus, J.G. de | |
| 110 | 1 |
_aEditora Universidade de São Paulo, SP (Brasil) _93495 |
|
| 245 | 1 | _aDistribuição de renda: medidas de desigualdade, pobreza, concentração, segregação e polarização | |
| 250 | 1 | _a2. ed. | |
| 260 | 3 |
_aSão Paulo, SP (Brasil): _c2019. |
|
| 300 | _a384 p. | ||
| 500 | _aBibliography p. 361-368 (167 ref.) | ||
| 650 | _aDISTRIBUIÇÃO DE RENDA | ||
| 650 | _aPOBREZA | ||
| 650 | _aDISPERSÃO | ||
| 650 | _aSEGREGAÇÃO | ||
| 650 | _aCONDIÇÃO SOCIAL | ||
| 650 | _aPOLÍTICA ECONÔMICA | ||
| 909 |
_a202309 _bLucia _c55 _dLucia Elande |
||
| 942 | _cBK | ||
| 999 |
_c85363 _d85363 |
||